000 00624nam a2200205Ia 4500
008
020 _a100073029887 (pbk.)
049 _aMAIN
090 _aQP141
_bDAI
245 0 0 _aDaily fitness and nutrition journal.
260 _aBoston :
_bMcGraw Hill,
_c2003.
300 _aiii, 108 p. :
_bill., forms ;
_c21 cm.
650 0 _aPhysical fitness
_xPlanning
_vHandbooks, manuals, etc.
650 0 _aNutrition
_xPlanning
_vHandbooks, manuals, etc.
907 _a.b10243203
_b15-05-14
_c08-05-07
003
005 20230123125131.0
040 _cNUST
942 _cBOOKS
_kQP141
_mDAI
999 _c136309
_d136309